<?xml version="1.0" encoding="UTF-8"?>
<record
    xmlns:xsi="http://www.w3.org/2001/XMLSchema-instance"
    xsi:schemaLocation="http://www.loc.gov/MARC21/slim http://www.loc.gov/standards/marcxml/schema/MARC21slim.xsd"
    xmlns="http://www.loc.gov/MARC21/slim">

  <leader>00731nam a22002297a 4500</leader>
  <controlfield tag="005">20150124122814.0</controlfield>
  <controlfield tag="008">140905t        ck||||| |||| 00| 0 spa d</controlfield>
  <datafield tag="020" ind1=" " ind2=" ">
    <subfield code="a">9789587106947</subfield>
  </datafield>
  <datafield tag="050" ind1=" " ind2=" ">
    <subfield code="a">K3260</subfield>
    <subfield code="b">P47 2011</subfield>
  </datafield>
  <datafield tag="100" ind1="1" ind2=" ">
    <subfield code="a">P&#xE9;rez Quintero, Farith</subfield>
  </datafield>
  <datafield tag="245" ind1="1" ind2="3">
    <subfield code="a">El derecho fundamental a la alimentaci&#xF3;n b&#xE1;sica</subfield>
    <subfield code="c"> / Farith P&#xE9;rez Quintero</subfield>
  </datafield>
  <datafield tag="250" ind1=" " ind2=" ">
    <subfield code="a">1a ed.</subfield>
  </datafield>
  <datafield tag="260" ind1=" " ind2=" ">
    <subfield code="a">Bogot&#xE1; :</subfield>
    <subfield code="b">Universidad Externado de Colombia,</subfield>
    <subfield code="c">2011</subfield>
  </datafield>
  <datafield tag="300" ind1=" " ind2=" ">
    <subfield code="a">140 p. ;</subfield>
    <subfield code="c">24 cm.</subfield>
  </datafield>
  <datafield tag="490" ind1="0" ind2=" ">
    <subfield code="a">Tesis de Grado</subfield>
    <subfield code="v">no. 58</subfield>
  </datafield>
  <datafield tag="504" ind1=" " ind2=" ">
    <subfield code="a">Bibliograf&#xED;a : p. 137-140</subfield>
  </datafield>
  <datafield tag="506" ind1=" " ind2=" ">
    <subfield code="3">Material encuadernado</subfield>
  </datafield>
  <datafield tag="650" ind1=" " ind2="7">
    <subfield code="2">Lemb</subfield>
    <subfield code="a">Alimentos</subfield>
    <subfield code="x">Derecho</subfield>
  </datafield>
  <datafield tag="650" ind1=" " ind2="4">
    <subfield code="a">Derecho a alimentaci&#xF3;n</subfield>
  </datafield>
  <datafield tag="650" ind1=" " ind2="4">
    <subfield code="a">Derecho a alimentaci&#xF3;n</subfield>
    <subfield code="z">Colombia</subfield>
  </datafield>
  <datafield tag="942" ind1=" " ind2=" ">
    <subfield code="2">lcc</subfield>
    <subfield code="c">LIB</subfield>
  </datafield>
  <datafield tag="999" ind1=" " ind2=" ">
    <subfield code="c">26651</subfield>
    <subfield code="d">26651</subfield>
  </datafield>
  <datafield tag="952" ind1=" " ind2=" ">
    <subfield code="1">0</subfield>
    <subfield code="2">lcc</subfield>
    <subfield code="4">0</subfield>
    <subfield code="7">0</subfield>
    <subfield code="a">LIC-048</subfield>
    <subfield code="b">LIC-048</subfield>
    <subfield code="c">GENERAL</subfield>
    <subfield code="d">2014-09-05</subfield>
    <subfield code="e">PIFI 2012</subfield>
    <subfield code="k">Ciencias sociales y administrativas</subfield>
    <subfield code="o">K3260 P47 2011</subfield>
    <subfield code="p">FDAR000000281</subfield>
    <subfield code="r">2015-01-16 00:00:00</subfield>
    <subfield code="t">1</subfield>
    <subfield code="y">LIB</subfield>
  </datafield>
  <datafield tag="952" ind1=" " ind2=" ">
    <subfield code="1">0</subfield>
    <subfield code="2">lcc</subfield>
    <subfield code="4">0</subfield>
    <subfield code="7">0</subfield>
    <subfield code="a">LIC-048</subfield>
    <subfield code="b">LIC-048</subfield>
    <subfield code="c">GENERAL</subfield>
    <subfield code="d">2014-09-05</subfield>
    <subfield code="e">PIFI 2012</subfield>
    <subfield code="k">Ciencias sociales y administrativas</subfield>
    <subfield code="o">K3260 P47 2011</subfield>
    <subfield code="p">FDAR000000282</subfield>
    <subfield code="r">2015-01-16 00:00:00</subfield>
    <subfield code="t">2</subfield>
    <subfield code="y">LIB</subfield>
  </datafield>
</record>
